Normal view
MARC view
- ROBOTICS.AUTONOMOUS ROBOTS.INTELLIGENT CONTROL SYSTEMS.BEHAVIOR BASED ROBOTICS
Entry Topical Term
001 - CONTROL NUMBER
- control field: 60927
003 - CONTROL NUMBER IDENTIFIER
- control field: NUST
005 - DATE AND TIME OF LATEST TRANSACTION
- control field: 20210628202643.0
008 - FIXED-LENGTH DATA ELEMENTS
- fixed length control field: 210628|| aca||aabn | a|a d
040 ## - CATALOGING SOURCE
- Original cataloging agency: NUST
- Transcribing agency: NUST
150 ## - HEADING--TOPICAL TERM
- Topical term or geographic name entry element: ROBOTICS.AUTONOMOUS ROBOTS.INTELLIGENT CONTROL SYSTEMS.BEHAVIOR BASED ROBOTICS
670 ## - SOURCE DATA FOUND
- Source citation: Work cat.: (NUST): Behavior-based robotics, 1998
